000 00407nab a2200145Ia 4500
003 ES-SlBCS
005 20210601130450.0
008 140529s1964 xxu||||| |||| 00| 0 fre d
041 _afre
100 1 _aRostenne, Paul
_9173288
245 0 0 _aSagesse du savoir
_c Paul Rostenne
650 0 4 _aSaber
_9122483
773 0 _tGiornali di Metafisica
_gvol. 19, nº. 6, 1964, págs. 661-692
_w0017-0372
942 _cAR
999 _c547132
_d547132